Signs of the Zodiac - Thirty Second Sprint - Statistics

General Stats
  • This quiz has been taken 39 times
  • The average score is 9 of 12
Answer Stats
Sign % Correct
Leo
84%
Libra
84%
Aquarius
78%
Capricorn
78%
Aries
75%
Gemini
75%
Pisces
75%
Virgo
75%
Cancer
72%
Sagittarius
72%
Taurus
72%
Scorpio
66%
No matching quizzes found
Score Distribution
Percent of People with Each Score
Percentile by Number Answered
Your Score History
You have not taken this quiz